000 00320nam a22001337a 4500
008 171031b xxu||||| |||| 00| 0 eng d
020 _a9780538480758
041 _aeng
080 _28TH
_a33
100 _a59
101 _aBUS
245 _aINTRENATIONAL BUSINESS LAW AND ITS ENVIRONMENT
_cSCHAFFER,R
942 _2udc
_cBK
999 _c36820
_d36820